Unburdened : (Record no. 2482)

MARC details
000 -LEADER
fixed length control field 01658nam a22002777a 4500
005 - DATE AND TIME OF LATEST TRANSACTION
control field 20251219084532.0
008 - FIXED-LENGTH DATA ELEMENTS--GENERAL INFORMATION
fixed length control field 251219b |||||||| |||| 00| 0 eng d
020 ## - INTERNATIONAL STANDARD BOOK NUMBER
International Standard Book Number 9780801094613
Qualifying information (paperback)
040 ## - CATALOGING SOURCE
Original cataloging agency DLC
Language of cataloging eng
Transcribing agency DLC
Description conventions rda
Modifying agency KMU
042 ## - AUTHENTICATION CODE
Authentication code pcc
050 00 - LIBRARY OF CONGRESS CALL NUMBER
Classification number BV4501.3
100 1# - MAIN ENTRY--PERSONAL NAME
Personal name Pitman, Vance,
Relator term author.
245 10 - TITLE STATEMENT
Title Unburdened :
Remainder of title stop living for Jesus so Jesus can live through you /
Statement of responsibility, etc. Vance Pitman.
264 #1 - PRODUCTION, PUBLICATION, DISTRIBUTION, MANUFACTURE, AND COPYRIGHT NOTICE
Place of production, publication, distribution, manufacture Grand Rapids, Michigan :
Name of producer, publisher, distributor, manufacturer Baker Books, a division of Baker Publishing Group,
Date of production, publication, distribution, manufacture, or copyright notice [2020]
300 ## - PHYSICAL DESCRIPTION
Extent 217 pages ;
Dimensions 22 cm
336 ## - CONTENT TYPE
Content type term text
Content type code txt
Source rdacontent
337 ## - MEDIA TYPE
Media type term unmediated
Media type code n
Source rdamedia
338 ## - CARRIER TYPE
Carrier type term volume
Carrier type code nc
Source rdacarrier
504 ## - BIBLIOGRAPHY, ETC. NOTE
Bibliography, etc. note Includes bibliographical references.
505 0# - FORMATTED CONTENTS NOTE
Formatted contents note :The Foundation -- The Problem: We're Aiming at the Wrong Target -- The Solution: It's All About Relationships -- Abide -- The Goal of the Christian Life -- Freedom from "Trying" -- Freedom from Sin and Temptation -- Connect -- You Belong to God's Family -- Freedom from Relational Conflict -- Freedom from Isolation -- Share -- You Have a Mission -- Freedom from Complacency -- Freedom from This World -- The Five Percent Life Challenge.
520 ## - SUMMARY, ETC.
Summary, etc. "Pastor and church planter frees us from the burdens of legalism and the do's and don'ts of religion in order to focus on our relationship with God, the church, and the world so we can enter into the freedom Jesus offers"--
Assigning source Provided by publisher.
650 #0 - SUBJECT ADDED ENTRY--TOPICAL TERM
Topical term or geographic name entry element Christian life.
906 ## - LOCAL DATA ELEMENT F, LDF (RLIN)
a 7
b cbc
c orignew
d 1
e ecip
f 20
g y-gencatlg
942 ## - ADDED ENTRY ELEMENTS (KOHA)
Source of classification or shelving scheme Library of Congress Classification
Koha item type Non-Fiction
Suppress in OPAC No
Holdings
Withdrawn status Lost status Source of classification or shelving scheme Damaged status Not for loan Collection Home library Current library Shelving location Date acquired Source of acquisition Total Checkouts Full call number Barcode Date last seen Price effective from Koha item type
    Library of Congress Classification     Non-fiction Kapasa Makasa University Kapasa Makasa University Open Access 19.12.2025 ZLS   BV 4501.3 Pit 301368 19.12.2025 19.12.2025 Non-Fiction